000 00697nam a22002890a 4500
001 PT193
003 AR-LpoUNG
005 20210131230234.0
008 191001s1996||||ag |||||||||||||||||spa d
020 _a9879539346
_c$28
040 _aAR-LpoUNG
_bspa
_cAR-LpoUNG
_eaacr
041 _aspa
044 _aag
082 0 _a401 95
100 1 _aKuguel, Inés
245 1 3 _aEl signo en Peirce
250 _a1ra ed.
260 _aBuenos Aires :
_bArs,
_c1996.
300 _a31 p. :
_btbls.
650 4 _aLENGUAJES SIMBOLICOS
650 4 _aSEMIOLOGIA
650 4 _aSIMBOLOS
651 4 _aDOCUMENTOS TEORICOS O METODOLOGICOS
700 1 _aIturriza, Diego
905 _a193
942 _cLIB
999 _c2337
_d2337